Pensando en la educación popular /

Gespeichert in:
Bibliographische Detailangaben
1. Verfasser: Ferrando, Jorge
Format: Buch
Sprache:Spanish
Veröffentlicht: Uruguay Nordan Comunidad c1985
Schriftenreihe:Colección Sin Fronteras
Schlagworte:
Tags: Tag hinzufügen
Keine Tags, Fügen Sie den ersten Tag hinzu!

MARC

LEADER 00000nam a22000007a 4500
003 cru CIDCACS/IIS
005 20200925161346.0
008 170505b1985 UY ||||| |||| 00| 0 spa d
040 |c CRAI/IIS  |a CRAI/IIS 
090 |a 06.03.04 F373p 
100 1 |9 4555  |a Ferrando, Jorge 
245 |a Pensando en la educación popular /  |c Jorge Ferrando 
260 |a Uruguay  |b Nordan Comunidad  |c c1985 
300 |a 125 páginas 
440 |9 4556  |a Colección Sin Fronteras  |n 1 
500 |a Colección Alforja 
650 1 0 |9 291  |a EDUCACION POPULAR 
650 1 0 |9 3636  |a POLITICOS 
650 1 0 |9 2522  |a ACCION SOCIAL 
650 1 0 |9 4557  |a MARGINALIDAD 
942 |2 ddc  |c LI 
999 |c 19273  |d 19273